Statistiken für Alle historischen Namen der Hauptstadt von Kasachstan

Klicken Sie hier um das Quiz zu spielen!

Allgemein

  • Dieses Quiz wurde 75 mal gespielt
  • Das Durchschnittsergebnis liegt bei 2 aus 6

Antwortstatistiken

ZeitraumStadtname% Korrekt
1998–2019Astana
87%
seit 2019Nur-Sultan
87%
1961–1992Zelinograd
13%
1830–1832Akmola / Akmolinski prikas
9%
1992–1998Aqmola
9%
1832-1961Akmolinsk
3%

Verteilung der Resultate

Perzentil nach korrekt beantworteten Fragen

Anzahl Personen mit jedem Resultat

Ihre Resultats-Entwicklung

Sie haben dieses Quiz noch nicht gespielt